000 01104nam2a22002651 4500
001 RU\NLR\INFOCOMM10\1000271807
005 20250617123947.0
035 _a(NLR Aleph) 002607197
090 _a3497426
_c3497426
100 _a20040804d1967 |||y0rusy50 ca
101 0 _arus
102 _aRU
105 _ay |||||||||
200 1 _aПереносной аппарат для нагрева подшипников
_fВ.И. Турченков
210 _d1967
_aБ. м.
225 1 _aТема 17
_vВып.15
461 0 _1001RU\NLR\INFOCOMM10\1000264961
_12001#$aПередовой научно-технический и производственный опыт$fГос. Ком. Совета Министров РСФСР по координации науч.-исслед. работ. Гос. Науч.-исслед. ин-т науч. и техн. информации$v1967, №17-67-148
700 1 _aТурченков
_bВ.И.
_4070
801 1 _aRU
_bInfoComm
_c20040804
801 0 _aRU
_bNLR
_gPSBO
852 _aNLR
_jП11/2295
942 _cISSUE
980 _aNB
980 _aRUSPER